Papeles de cuestiones internacionales. (رقم التسجيلة. 127420)

تفاصيل مارك
000 -LEADER
fixed length control field 01229cas a2200349 a 4500
003 - EG-GICUS
control field OSt
005 - DATE AND TIME OF LATEST TRANSACTION
control field 20241026150036.0
008 - FIXED-LENGTH DATA ELEMENTS--GENERAL INFORMATION
fixed length control field 020904duuuu2007sp qr p 0 b0spa
022 ## - INTERNATIONAL STANDARD SERIAL NUMBER
International Standard Serial Number 1885-799X
040 ## - CATALOGING SOURCE
Original cataloging agency DLC
Transcribing agency DLC
Modifying agency OCoLC
-- DLC
-- OCoLC
041 ## - LANGUAGE CODE
Language code of text/sound track or separate title spa
049 ## - LOCAL HOLDINGS (OCLC)
Acquisition Source Gift
092 04 - LOCALLY ASSIGNED DEWEY CALL NUMBER (OCLC)
Classification number 327.17205
Item number P2142
Edition number 21
099 ## - LOCAL FREE-TEXT CALL NUMBER (OCLC)
Classification number 327.17205 P2142
222 #0 - KEY TITLE
Key title Papeles de cuestiones internacionales
245 00 - TITLE STATEMENT
Title Papeles de cuestiones internacionales.
246 17 - VARYING FORM OF TITLE
Title proper/short title Papeles
300 ## - PHYSICAL DESCRIPTION
Extent volume. ;
Dimensions 24 cm.
Other physical details illustration
310 ## - CURRENT PUBLICATION FREQUENCY
Current publication frequency
362 1# - DATES OF PUBLICATION AND/OR SEQUENTIAL DESIGNATION
Dates of publication and/or sequential designation Ceased in 2007.
500 ## - GENERAL NOTE
General note Description based on: No. 77 (primavera 2002); title from cover.
541 ## - IMMEDIATE SOURCE OF ACQUISITION NOTE
Source of acquisition
Date of acquisition 2011-01-01
650 #0 - SUBJECT ADDED ENTRY--TOPICAL TERM
Topical term or geographic name entry element Disarmament
Form subdivision Periodicals.
650 #0 - SUBJECT ADDED ENTRY--TOPICAL TERM
Topical term or geographic name entry element International relations
Form subdivision Periodicals.
650 #0 - SUBJECT ADDED ENTRY--TOPICAL TERM
Topical term or geographic name entry element Peace
Form subdivision Periodicals.
710 2# - ADDED ENTRY--CORPORATE NAME
Corporate name or jurisdiction name as entry element Centro de Investigaciâon para la Paz (Madrid, Spain)
780 00 - PRECEDING ENTRY
Title Papeles (Centro de Investigaciâon para la Paz (Madrid, Spain))
Record control number (DLC) 94655808
-- (OCoLC)31744862
785 00 - SUCCEEDING ENTRY
Title Papeles de relaciones ecosociales y cambio global
International Standard Serial Number (NR 1888-0576
Record control number (R) (DLC) 2008208315
-- (OCoLC)236102718
905 ## - LOCAL DATA ELEMENT E, LDE (RLIN)
Cataloger Suzan
Reviser
905 ## - LOCAL DATA ELEMENT E, LDE (RLIN)
Reviser
942 ## - ADDED ENTRY ELEMENTS (KOHA)
Suppress in OPAC No
Koha item type
999 ## -
-- 127420
-- 127420
المقتنيات
Full call number Home library Current library Source of classification or shelving scheme Koha item type Inventory number
327.17205 P2142 المكتبة المركزبة الجديدة - جامعة القاهرة قاعة الثقاقات الاجنبية - الدور الثالث Dewey Decimal Classification Continuing Resources 13236349
Cairo University Libraries Portal Implemented & Customized by: Eng. M. Mohamady Contacts: new-lib@cl.cu.edu.eg | cnul@cl.cu.edu.eg
CUCL logo CNUL logo
© All rights reserved — Cairo University Libraries
CUCL logo
Implemented & Customized by: Eng. M. Mohamady Contact: new-lib@cl.cu.edu.eg © All rights reserved — New Central Library
CNUL logo
Implemented & Customized by: Eng. M. Mohamady Contact: cnul@cl.cu.edu.eg © All rights reserved — Cairo National University Library